|
|
|
|
| LEADER |
00000cam a2200000 a 4500 |
| 001 |
2158 |
| 005 |
20230308155830.0 |
| 008 |
000000|1916 ||||||||r|||||||||||spa|| |
| 040 |
|
|
|b spa
|
| 041 |
1 |
|
|a spa
|
| 082 |
0 |
|
|a 460
|
| 100 |
1 |
|
|a Marroquín, José Manuel
|9 8686
|
| 245 |
|
|
|a Tratado de ortología y ortografía de la lengua castellana
|c José Manuel Marroquín
|h imp
|
| 264 |
|
|
|a Chicago
|b Appleton y Compañía
|c 1916
|
| 300 |
|
|
|a 182 páginas:
|c 17 cm
|
| 650 |
|
|
|a Ortografia
|9 8684
|
| 852 |
|
|
|a UC-CDJBV
|c PRIMER PISO
|f Compra
|k margarita.gutierrez
|l 1
|m Limitada
|p 00000000
|q 3,00
|t 2158
|y 65150
|b 1
|d CDRC
|e CDRC
|g 460 PRIMER PISO
|z 0000-00-00
|
| 856 |
|
|
|a http://sibuc.ucuenca.edu.ec/portada/2158-cdj.jpg
|
| 942 |
|
|
|c BK
|
| 999 |
|
|
|c 7762
|d 7762
|